[Event "Hengelo U12 op"]
[Site "Hengelo"]
[Date "2005.08.10"]
[Round "5"]
[White "Van de Meerakker, Luuk"]
[Black "Ten Hertog, Hugo"]
[Result "0-1"]
[WhiteElo "1575"]
[BlackElo "1861"]
[PlyCount "38"]
[EventDate "2005.08.??"]
[EventType "swiss"]
[EventRounds "13"]
[EventCountry "NED"]
[SourceTitle "CBM 107 Extra"]
[Source "ChessBase"]
[SourceDate "2005.09.01"]
[SourceVersion "1"]
[SourceVersionDate "2005.09.01"]
[SourceQuality "1"]

1. e4 c5 2. Nf3 d6 3. d4 cxd4 4. Nxd4 Nf6 5. Nc3 a6 6. Bc4 e6 7. Be3 Be7 8. Bb3 b5 9. a3 0-0 10. f3 Re8 11. 0-0 Bb7 12. Qd2 Nbd7 13. Rad1 Nc5 14. Qf2 Qc7 15. Rd2 Nxb3 16. Nxb3 d5 17. exd5 Bxd5 18. Nc5 Bd6 19. f4 Ng4 0-1

[Event "NED-ch U13"]
[Site "Rijswijk"]
[Date "2005.05.07"]
[Round "8"]
[White "Van de Meerakker, Luuk"]
[Black "Offringa, Joost"]
[Result "0-1"]
[WhiteElo "1633"]
[BlackElo "1648"]
[PlyCount "100"]
[EventDate "2005.05.05"]
[EventType "swiss"]
[EventRounds "9"]
[EventCountry "NED"]
[SourceTitle "EXT 2013"]
[Source "ChessBase"]
[SourceDate "2012.11.22"]
[SourceVersion "1"]
[SourceVersionDate "2012.11.22"]
[SourceQuality "1"]

1. e4 e6 2. d4 d5 3. exd5 exd5 4. Bd3 c5 5. dxc5 Bxc5 6. Nf3 Nf6 7. Bg5 0-0 8. 0-0 Qb6 9. b3 Bg4 10. Nbd2 Nbd7 11. c3 Ne5 12. Be2 Bxf3 13. Nxf3 Neg4 14. Nd4 Ne4 15. Bxg4 Nxc3 16. Qd2 Ne4 17. Qf4 Bxd4 18. Rad1 h6 19. Be7 Rfe8 20. Ba3 Be5 21. Qe3 Qxe3 22. fxe3 Rad8 23. Bf3 Nc3 24. Rd3 b6 25. Bb2 Ne2+ 26. Bxe2 Bxb2 27. Rfd1 d4 28. exd4 Rxe2 29. d5 Kf8 30. Kf1 Re5 31. Kf2 Ba3 32. Kf3 Ke7 33. Kf4 Bd6 34. Kf3 Rf5+ 35. Kg4 Rf2 36. Re3+ Kd7 37. Rf3 Rxf3 38. Kxf3 Rc8 39. Rd2 Bxh2 40. g3 Bg1 41. Ke4 Bc5 42. Rd3 Kd6 43. Rf3 Re8+ 44. Kd3 Re3+ 45. Rxe3 Bxe3 46. Kxe3 Kxd5 47. Kd3 h5 48. a3 g5 49. Ke3 h4 50. gxh4 gxh4 0-1